LIBRARY & INFORMATION CENTRE, KCAET, TAVANUR

ONLINE PUBLIC ACCESS CATALOGUE (OPAC)

Agricultural Engineering / Volume - 2 - Agricultural Buidings (Record no. 7047)

MARC details
000 -LEADER
fixed length control field 00384cam a2200145ua 4500
020 ## - INTERNATIONAL STANDARD BOOK NUMBER
ISBN 9061919800
082 ## - DEWEY DECIMAL CLASSIFICATION NUMBER
Classification number 631.3
Item number DOD/AG
245 ## - TITLE STATEMENT
Title Agricultural Engineering / Volume - 2 - Agricultural Buidings
250 ## - EDITION STATEMENT
Edition statement 1 /
260 ## - PUBLICATION, DISTRIBUTION, ETC. (IMPRINT)
Place of publication USA :
Name of publisher A A Balkema ,
Year of publication 1989.
300 ## - PHYSICAL DESCRIPTION
Number of Pages 804 ; .
700 1# - ADDED ENTRY--PERSONAL NAME
Personal name Dodd, Vincent A .
700 1# - ADDED ENTRY--PERSONAL NAME
Personal name Grace , Patrick M .
942 ## - ADDED ENTRY ELEMENTS (KOHA)
Koha item type Reference
Holdings
Withdrawn status Lost status Damaged status Home library Current library Date acquired Full call number Accession Number Koha item type Collection code Shelving location
      KAUAET   07/04/2012 028.74631 17772 Books    
      KAUAET   07/04/2012 028.74631 17774 Books    
      KAUAET   07/04/2012 028.74631 17775 Books    
      KAUAET KAUAET 07/04/2012 631.3.DOD/AG 17773 Reference Reference Reference
free website counter